[Event "6th Asia-ch"]
[Site "Cebu City PHI"]
[Date "2007.09.29"]
[Round "11.8"]
[White "Mahjoobzardast, Morteza"]
[Black "Al-Modiahki, Mohamad"]
[Result "0-1"]
[WhiteElo "2479"]
[BlackElo "2563"]
[EventDate "2007.09.19"]
[PlyCount "100"]

1.d4 Nf6 2.c4 g6 3.Nc3 Bg7 4.e4 d6 5.f3 O-O 6.Be3 c5 7.Nge2 Nc6 8.d5 Ne5 
9.Ng3 e6 10.Be2 exd5 11.cxd5 a6 12.a4 Bd7 13.O-O b5 14.Qd2 bxa4 15.Nxa4 
Bb5 16.Rfc1 Re8 17.h3 Rb8 18.Bg5 Qd7 19.Qc2 Bxe2 20.Qxe2 Qb5 21.Qd2 Nfd7 
22.Nc3 Qxb2 23.Rxa6 Qxd2 24.Bxd2 Rb2 25.Nf1 Nd3 26.Rd1 Bd4+ 27.Be3 N7e5 
28.Bxd4 cxd4 29.Na4 Ra2 30.Nc5 Rxa6 31.Nxa6 Rc8 32.Rb1 Kg7 33.Nb8 Rc2 34.
Rd1 Nf4 35.Rd2 Rc1 36.Nc6 Nc4 37.Rxd4 Ne2+ 38.Kf2 Nxd4 39.Nxd4 Rd1 40.Ne2 
Ne5 41.Nfg3 Ra1 42.f4 Nd3+ 43.Ke3 Ra3 44.Kd4 Nxf4 45.Nxf4 Rxg3 46.e5 dxe5+
47.Kxe5 Kf8 48.d6 Rg5+ 49.Ke4 Ke8 50.h4 Rg4 0-1

[Event "6th Asia-ch"]
[Site "Cebu City PHI"]
[Date "2007.09.29"]
[Round "11.10"]
[White "Deepan Chakravarthy, Jeyakumar"]
[Black "Hossain, Enamul"]
[Result "0-1"]
[WhiteElo "2479"]
[BlackElo "2485"]
[EventDate "2007.09.19"]
[PlyCount "70"]

1.e4 e6 2.d4 d5 3.Nc3 Bb4 4.e5 Ne7 5.a3 Bxc3+ 6.bxc3 c5 7.h4 Qc7 8.h5 Bd7 
9.a4 Nbc6 10.h6 gxh6 11.Nf3 cxd4 12.cxd4 Nb4 13.Bd3 Qc3+ 14.Bd2 Nxd3+ 15.
cxd3 Qxd3 16.Bxh6 Qxd1+ 17.Kxd1 Rc8 18.a5 Bb5 19.Kd2 Rc4 20.Rab1 a6 21.
Rbc1 Nc6 22.Rxc4 dxc4 23.Bg7 Rg8 24.Rxh7 Kd7 25.g3 Rc8 26.Bh6 c3+ 27.Kxc3 
Nxa5+ 28.Kb2 Kc6 29.Rxf7 Kd5 30.Bf8 Ba4 31.Bb4 Rc2+ 32.Ka3 Be8 33.Re7 Nc4+
34.Kb3 Rb2+ 35.Kc3 Ba4 0-1

[Event "6th Asia-ch"]
[Site "Cebu City PHI"]
[Date "2007.09.29"]
[Round "11.11"]
[White "Neelotpal, Das"]
[Black "Ganguly, Surya Shekhar"]
[Result "0-1"]
[WhiteElo "2485"]
[BlackElo "2586"]
[EventDate "2007.09.19"]
[PlyCount "112"]

1.e4 e6 2.d4 d5 3.Nc3 Bb4 4.e5 c5 5.a3 Bxc3+ 6.bxc3 Ne7 7.h4 Qa5 8.Bd2 
Nbc6 9.h5 h6 10.Nf3 Bd7 11.Rb1 Qc7 12.Bd3 O-O-O 13.Qc1 Rdf8 14.Bf4 c4 15.
Be2 Kb8 16.a4 Ka8 17.g3 Nc8 18.Qa3 Qa5 19.O-O Nb8 20.Ra1 Nb6 21.Rfb1 Na6 
22.Nh4 Qxa4 23.Qb2 Qc6 24.Ra5 Nc8 25.Bc1 Qc7 26.Raa1 Nb6 27.Ra2 Rfg8 28.
Qa1 Bc6 29.Ba3 Nc8 30.Bg4 Qd7 31.Bh3 g5 32.hxg6 fxg6 33.Nf3 g5 34.Bg2 Rh7 
35.Bd6 Nc7 36.Bc5 a6 37.Nd2 Nb5 38.Rb4 Nca7 39.Nb1 h5 40.Na3 Nxa3 41.Rxa3 
h4 42.Rb6 Rc8 43.Ra5 hxg3 44.fxg3 Qg7 45.Raxa6 bxa6 46.Rxa6 Rc7 47.Qa5 Qh8
48.Bb6 Rcg7 49.Bxa7 Rxa7 50.Qb6 Qc8 51.Qxc6+ Qxc6 52.Rxc6 Ra1+ 53.Kf2 Rf7+
54.Ke2 Ra2 55.Bxd5 exd5 56.e6 Re7 0-1

[Event "6th Asia-ch"]
[Site "Cebu City PHI"]
[Date "2007.09.29"]
[Round "11.15"]
[White "Nguyen Anh Dung"]
[Black "Girinath, P. D. S."]
[Result "1-0"]
[WhiteElo "2537"]
[BlackElo "2440"]
[EventDate "2007.09.19"]
[PlyCount "73"]

1.d4 e6 2.c4 f5 3.Nc3 Nf6 4.g3 Bb4 5.Bd2 O-O 6.Bg2 Qe7 7.Nf3 Bxc3 8.Bxc3 
Ne4 9.Rc1 d6 10.O-O Nd7 11.Qd3 Nef6 12.Rfd1 b6 13.Be1 Bb7 14.b4 Kh8 15.Qb3
e5 16.c5 Bd5 17.Qb2 Rae8 18.cxd6 cxd6 19.b5 Qe6 20.dxe5 dxe5 21.Rc7 f4 22.
Rxa7 fxg3 23.hxg3 Ng4 24.Qb4 Qh6 25.Rxd5 Rxf3 26.Qe4 Qh2+ 27.Kf1 Ne3+ 28.
Qxe3 Rxe3 29.fxe3 Rf8+ 30.Bf2 h6 31.Bf3 Qh3+ 32.Kg1 Rc8 33.Rd1 Qf5 34.e4 
Qe6 35.Kg2 Qc4 36.Rdxd7 Rg8 37.a4 1-0

[Event "6th Asia-ch"]
[Site "Cebu City PHI"]
[Date "2007.09.29"]
[Round "11.16"]
[White "Yap Kim, Steven"]
[Black "Utut Adianto"]
[Result "0-1"]
[WhiteElo "2246"]
[BlackElo "2583"]
[EventDate "2007.09.19"]
[PlyCount "44"]

1.e4 c5 2.Nf3 e6 3.d4 cxd4 4.c3 Nf6 5.e5 Nd5 6.Nxd4 Qc7 7.Qe2 Nc6 8.Nxc6 
bxc6 9.Nd2 Be7 10.h4 f6 11.exf6 Bxf6 12.Ne4 O-O 13.Bg5 Bxg5 14.hxg5 Nf4 
15.Qc2 d5 16.Ng3 Qe5+ 17.Ne2 Ba6 18.Qxh7+ Kf7 19.Rh3 Nxh3 20.Qh5+ Ke7 21.
gxh3 Rab8 22.O-O-O Rxf2 0-1

[Event "6th Asia-ch"]
[Site "Cebu City PHI"]
[Date "2007.09.29"]
[Round "11.18"]
[White "Wang Rui"]
[Black "Moradiabadi, Elshan"]
[Result "1-0"]
[WhiteElo "2482"]
[BlackElo "2540"]
[EventDate "2007.09.19"]
[PlyCount "99"]

1.d4 Nf6 2.c4 g6 3.Nc3 Bg7 4.e4 d6 5.f3 O-O 6.Be3 c5 7.dxc5 dxc5 8.Qxd8 
Rxd8 9.Bxc5 Nc6 10.Nd5 Nd7 11.Bxe7 Nxe7 12.Nxe7+ Kf8 13.Nd5 Bxb2 14.Rb1 
Bg7 15.h4 Nc5 16.h5 g5 17.h6 Be5 18.Be2 Rd6 19.Rd1 Bd7 20.Rh5 f6 21.f4 
gxf4 22.Nxf6 Bc3+ 23.Kf1 Rxf6 24.Rxc5 Bc6 25.Bf3 Rxh6 26.Rd3 Bg7 27.Rf5+ 
Rf6 28.Rd6 Ke7 29.Rdxf6 Bxf6 30.e5 Bg7 31.Rg5 Bf8 32.Rh5 h6 33.Bxc6 bxc6 
34.Ne2 Rd8 35.Nxf4 Bg7 36.Ke2 Rd4 37.Kf3 Rxc4 38.e6 Ra4 39.Rc5 Ra6 40.Kg4 
Rb6 41.a4 Kd6 42.Rc2 c5 43.Kf5 Rb8 44.Ng6 Re8 45.e7 Bd4 46.Re2 Kd5 47.Re6 
Bf2 48.Nf4+ Kd4 49.Re4+ Kc3 50.Nd5+ 1-0

[Event "6th Asia-ch"]
[Site "Cebu City PHI"]
[Date "2007.09.29"]
[Round "11.19"]
[White "Torre, Eugenio"]
[Black "Batchuluun, Cegmed"]
[Result "1-0"]
[WhiteElo "2536"]
[BlackElo "2415"]
[EventDate "2007.09.19"]
[PlyCount "81"]

1.d4 Nf6 2.c4 e6 3.Nc3 Bb4 4.e3 O-O 5.Ne2 c5 6.dxc5 Bxc5 7.g3 Be7 8.Bg2 
Qc7 9.b3 a6 10.O-O d6 11.Bb2 Nbd7 12.Rc1 Rb8 13.Nd4 Ne5 14.f4 Ng6 15.f5 
exf5 16.Nxf5 Bxf5 17.Rxf5 Qd7 18.Qf1 Ne5 19.Rd1 Qc7 20.Rd4 Rbe8 21.Rdf4 
Qb6 22.Qe2 Ned7 23.Qf2 Bd8 24.Nd5 Nxd5 25.Bxd5 Bf6 26.Rxf6 Nxf6 27.Bxf6 
Qxe3 28.Qxe3 Rxe3 29.Bd4 Re2 30.a4 Re7 31.a5 Rfe8 32.Kg2 Rd7 33.Kf2 Kf8 
34.g4 Rc7 35.g5 Ree7 36.h4 g6 37.h5 Re8 38.hxg6 hxg6 39.Bf6 Rec8 40.Rh4 
Ke8 41.Rh7 1-0

[Event "6th Asia-ch"]
[Site "Cebu City PHI"]
[Date "2007.09.29"]
[Round "11.21"]
[White "Kim, Alexey"]
[Black "Dimakiling, Oliver"]
[Result "0-1"]
[WhiteElo "2445"]
[BlackElo "2500"]
[EventDate "2007.09.19"]
[PlyCount "94"]

1.e4 d5 2.exd5 Nf6 3.Nf3 Nxd5 4.c4 Nb6 5.Nc3 Bf5 6.d4 e6 7.Be3 Be7 8.Bd3 
O-O 9.O-O Bg4 10.Be4 c6 11.Qb3 Qc8 12.Ne5 Bf5 13.Bxf5 exf5 14.Bf4 N8d7 15.
Rfe1 Nxe5 16.Bxe5 Re8 17.Rad1 Bf8 18.h3 Qe6 19.d5 cxd5 20.Nxd5 Nxd5 21.
cxd5 Qd7 22.Bf4 h6 23.d6 Rxe1+ 24.Rxe1 g5 25.Be5 Re8 26.Qd5 Bg7 27.Kf1 Re6
28.Bxg7 Rxd6 29.Qe5 Re6 30.Qc3 Qb5+ 31.Kg1 Rxe1+ 32.Qxe1 Kxg7 33.Qc3+ Kh7 
34.Qd4 Qc6 35.g3 b6 36.a3 a5 37.Qe5 Kg6 38.Qh8 Qf6 39.Qg8+ Qg7 40.Qxg7+ 
Kxg7 41.Kg2 Kf6 42.Kf3 Ke5 43.Ke3 a4 44.h4 h5 45.Kf3 gxh4 46.gxh4 f4 47.
Ke2 f3+ 0-1

[Event "6th Asia-ch"]
[Site "Cebu City PHI"]
[Date "2007.09.29"]
[Round "11.23"]
[White "Bagheri, Amir"]
[Black "Nadera, Barlo"]
[Result "1-0"]
[WhiteElo "2495"]
[BlackElo "2402"]
[EventDate "2007.09.19"]
[PlyCount "83"]

1.Nf3 Nf6 2.c4 e6 3.g3 d5 4.Bg2 Be7 5.O-O O-O 6.b3 a5 7.Bb2 Nbd7 8.Nc3 c6 
9.Qc2 b6 10.e4 Ba6 11.d3 Rc8 12.Rfe1 b5 13.Bf1 Qb6 14.Rad1 Rfd8 15.h4 h6 
16.e5 Ne8 17.Bc1 d4 18.Ne4 c5 19.Bf4 Bb7 20.Bg2 Bc6 21.h5 a4 22.Qc1 Bf8 
23.Nh2 Ra8 24.Ng4 Kh7 25.Bxh6 gxh6 26.Qf4 Kg8 27.Nxh6+ Bxh6 28.Qxh6 Ng7 
29.Ng5 Nf8 30.Bxc6 Qxc6 31.Re4 Qc7 32.Rg4 Ra7 33.Ne4 Ng6 34.Nf6+ Kf8 35.f4
axb3 36.hxg6 bxa2 37.Qh8+ Ke7 38.Qxg7 Rf8 39.Qxf8+ Kxf8 40.g7+ Ke7 41.g8=Q
Qd8 42.Rg7 1-0

[Event "6th Asia-ch"]
[Site "Cebu City PHI"]
[Date "2007.09.29"]
[Round "11.25"]
[White "Tu Hoang Thong"]
[Black "Goh Weiming"]
[Result "1-0"]
[WhiteElo "2483"]
[BlackElo "2388"]
[EventDate "2007.09.19"]
[PlyCount "109"]

1.d4 Nf6 2.Nf3 e6 3.Bf4 c5 4.e3 Nc6 5.Nbd2 d5 6.c3 Bd6 7.Bg5 h6 8.Bh4 g5 
9.Bg3 g4 10.Ne5 h5 11.h3 Qc7 12.Bb5 Bd7 13.Nxd7 Nxd7 14.Bxd6 Qxd6 15.hxg4 
O-O-O 16.gxh5 e5 17.dxc5 Nxc5 18.Qg4+ Kb8 19.O-O-O e4 20.f4 Ne7 21.Nc4 Qc7
22.Na3 a6 23.Be2 Na4 24.Rd2 Rc8 25.Nb1 f5 26.Qg7 Rcg8 27.Qd4 Nb6 28.Bf1 
Rh6 29.Na3 Nc6 30.Qc5 Rgh8 31.Be2 Rd6 32.Nc4 Nxc4 33.Bxc4 Ne7 34.Qxc7+ 
Kxc7 35.Be2 Rg8 36.Bf1 Rg3 37.Rh3 Rg7 38.Kd1 Ng8 39.Ke1 Nh6 40.Kf2 Kc6 41.
Be2 b5 42.Rd1 a5 43.a3 Rd8 44.Rg3 Rxg3 45.Kxg3 Rg8+ 46.Kf2 Rb8 47.Rh1 b4 
48.cxb4 axb4 49.Rc1+ Kd6 50.a4 Ra8 51.b3 Nf7 52.g4 fxg4 53.Bxg4 Rg8 54.Be2
Kd7 55.Rc5 1-0

[Event "6th Asia-ch"]
[Site "Cebu City PHI"]
[Date "2007.09.29"]
[Round "11.26"]
[White "Legaspi, Rhobel"]
[Black "Zhou Weiqi"]
[Result "0-1"]
[WhiteElo "2316"]
[BlackElo "2469"]
[EventDate "2007.09.19"]
[PlyCount "152"]

1.e4 e6 2.d4 d5 3.exd5 exd5 4.Bd3 Nc6 5.Ne2 Bd6 6.Nbc3 Nf6 7.Bg5 Be6 8.Qd2
h6 9.Bh4 a6 10.Bg3 O-O 11.O-O Re8 12.Rfe1 b5 13.a3 Bg4 14.Bxd6 Qxd6 15.h3 
Be6 16.b4 Rad8 17.Rab1 Kf8 18.a4 bxa4 19.Nxa4 Ne4 20.Bxe4 dxe4 21.c3 Bxh3 
22.gxh3 Ne5 23.Qf4 Nf3+ 24.Kg2 Qc6 25.Nc5 Rd6 26.c4 Re7 27.d5 Qe8 28.Ne6+ 
Kg8 29.Nxc7 Qd8 30.Ng3 Rf6 31.Qg4 Rg6 32.Qf4 Rf6 33.Qg4 h5 34.Qxh5 Nxe1+ 
35.Rxe1 Qxc7 36.c5 Qf4 37.Qe2 e3 38.fxe3 Qxb4 39.c6 Qd6 40.e4 Rg6 41.Qf3 
f5 42.exf5 Rxg3+ 43.Qxg3 Qxd5+ 44.Kg1 Rxe1+ 45.Qxe1 Qxc6 46.Qa1 Qb6+ 47.
Kg2 a5 48.Kf3 Qc6+ 49.Kf4 a4 50.Qa3 Kh7 51.Kg5 Qf6+ 52.Kg4 Qd4+ 53.Kg5 
Qd2+ 54.Kg4 Qd1+ 55.Kg5 Qb3 56.Qd6 Qe3+ 57.Kg4 a3 58.Qa6 Qe4+ 59.Kg3 Qe3+ 
60.Kg4 Qe7 61.Qg6+ Kh8 62.Qa6 Qe4+ 63.Kg3 Qe1+ 64.Kg2 Qd2+ 65.Kf3 a2 66.
Qa8+ Kh7 67.Qa6 Qd5+ 68.Kf4 Qf7 69.Ke3 Kh8 70.Qa8+ Kh7 71.Qa6 Qb3+ 72.Kf4 
Kh8 73.Qa8+ Qg8 74.Qa6 Qb8+ 75.Kg5 Qb1 76.Qa8+ Kh7 0-1

[Event "6th Asia-ch"]
[Site "Cebu City PHI"]
[Date "2007.09.29"]
[Round "11.27"]
[White "Djinh Djuc Trong"]
[Black "Arun Prasad, Subramanian"]
[Result "1-0"]
[WhiteElo "2354"]
[BlackElo "2448"]
[EventDate "2007.09.19"]
[PlyCount "97"]

1.g3 d5 2.Bg2 Nf6 3.d3 g6 4.Nc3 Bg7 5.e4 dxe4 6.dxe4 Qxd1+ 7.Nxd1 c6 8.Ne2
Na6 9.f3 h5 10.h4 O-O 11.Be3 Nb4 12.Kd2 Rd8+ 13.Kc1 Nd7 14.Nf2 Re8 15.c3 
Na6 16.Nd3 Nb6 17.b3 Nd7 18.Kc2 c5 19.Rhd1 b6 20.Bh3 c4 21.Nb2 Ne5 22.Bg2 
Be6 23.Nf4 Bd7 24.Bd4 Bb5 25.b4 Rec8 26.a4 Be8 27.Nd5 Kf8 28.f4 Ng4 29.
Bxg7+ Kxg7 30.Bh3 e6 31.Bxg4 hxg4 32.Ne3 f5 33.Nbxc4 Rc7 34.Kb3 Rac8 35.
Rac1 Bc6 36.Nd6 Rb8 37.e5 Bf3 38.Rd2 Rh8 39.Nc2 Re7 40.Nd4 Ba8 41.a5 bxa5 
42.Ra1 Nc7 43.Rxa5 a6 44.Ra1 Rb8 45.c4 Kf8 46.Kc3 Rd7 47.Nb3 Rdd8 48.Nc5 
Rb6 49.Rda2 1-0

[Event "6th Asia-ch"]
[Site "Cebu City PHI"]
[Date "2007.09.29"]
[Round "11.30"]
[White "Makinano, Anthony"]
[Black "Khader, Sami"]
[Result "1-0"]
[WhiteElo "2317"]
[BlackElo "2422"]
[EventDate "2007.09.19"]
[PlyCount "77"]

1.d4 f5 2.g3 Nf6 3.Bg2 g6 4.Nf3 Bg7 5.c4 O-O 6.O-O d6 7.Nc3 Qe8 8.Re1 Na6 
9.Qb3 c5 10.d5 h6 11.h3 g5 12.Bd2 g4 13.hxg4 Nxg4 14.Bf4 Qh5 15.Rad1 Nc7 
16.Nb1 Rb8 17.a4 Rf7 18.Nbd2 Ne8 19.Nh4 Be5 20.e3 Rg7 21.Bxe5 dxe5 22.Qa3 
b6 23.b4 cxb4 24.Qxb4 Nc7 25.d6 Na6 26.Qa3 Nc5 27.dxe7 Rxe7 28.Nb3 Bb7 29.
Nxc5 bxc5 30.Qxc5 Rg7 31.f3 Nh2 32.Qxe5 Re8 33.Qf4 Nxf3+ 34.Nxf3 Kh7 35.
Ne5 Reg8 36.Rd7 Bxg2 37.Rxg7+ Rxg7 38.Kxg2 Rb7 39.Rf1 1-0

[Event "6th Asia-ch"]
[Site "Cebu City PHI"]
[Date "2007.09.29"]
[Round "11.32"]
[White "Lanka, Ravi"]
[Black "Hussein, Noah A."]
[Result "1-0"]
[WhiteElo "2404"]
[BlackElo "2341"]
[EventDate "2007.09.19"]
[PlyCount "53"]

1.c4 Nf6 2.Nc3 e5 3.Nf3 Nc6 4.a3 d5 5.cxd5 Nxd5 6.e4 Nf6 7.Bb5 Bc5 8.O-O 
Qd6 9.Na4 Bg4 10.Qc2 Nd7 11.Nxc5 Nxc5 12.Nxe5 Qxe5 13.d4 Qxe4 14.Qxc5 
O-O-O 15.Bxc6 Qxc6 16.Qxa7 b6 17.Bf4 Qb7 18.Qa4 Rhe8 19.Rac1 Re7 20.f3 Bf5
21.Rc3 Rdd7 22.Rfc1 Kd8 23.Qb5 Be6 24.Rc6 f6 25.a4 Qa7 26.b4 Ke8 27.Rxc7 
1-0

[Event "6th Asia-ch"]
[Site "Cebu City PHI"]
[Date "2007.09.29"]
[Round "11.34"]
[White "Bayarmandah, Balgan"]
[Black "Yueh Wei Po"]
[Result "1-0"]
[WhiteElo "2208"]
[BlackElo "2044"]
[EventDate "2007.09.19"]
[PlyCount "89"]

1.d4 d5 2.c4 c6 3.Nc3 Nf6 4.Nf3 e6 5.Bg5 Be7 6.e3 Nbd7 7.Bd3 dxc4 8.Bxc4 
Nd5 9.Bxe7 Qxe7 10.Qd2 O-O 11.e4 Nxc3 12.bxc3 e5 13.Bd3 exd4 14.cxd4 Nf6 
15.e5 Bg4 16.O-O Nd5 17.Ng5 h6 18.Ne4 Rad8 19.Rab1 Bc8 20.f4 f6 21.Nd6 
fxe5 22.dxe5 Rxd6 23.exd6 Qxd6 24.Be4 Qc5+ 25.Kh1 Nf6 26.Bg6 Nd5 27.Rbe1 
Bf5 28.Bxf5 Rxf5 29.h3 Qc4 30.Qe2 Rxf4 31.Qxc4 Rxc4 32.Re8+ Kh7 33.Rb8 b6 
34.Rb7 a5 35.Rff7 Rc1+ 36.Kh2 Re1 37.Rxg7+ Kh8 38.Rgd7 Re8 39.Rd6 Re7 40.
Rxe7 Nxe7 41.Re6 Nd5 42.Rxh6+ Kg7 43.Rxc6 Nb4 44.Rxb6 Nxa2 45.Ra6 1-0

[Event "6th Asia-ch"]
[Site "Cebu City PHI"]
[Date "2007.09.29"]
[Round "11.35"]
[White "Lalith Babu, Musunuri Rohit"]
[Black "Maga, Mirabeau"]
[Result "1-0"]
[WhiteElo "2353"]
[BlackElo "2361"]
[EventDate "2007.09.19"]
[PlyCount "69"]

1.Nf3 d6 2.d4 Bg4 3.c4 Bxf3 4.exf3 Nd7 5.g3 e6 6.Bg2 c6 7.O-O Ngf6 8.f4 
Be7 9.Nc3 d5 10.f5 dxc4 11.fxe6 fxe6 12.Qe2 Nb6 13.Bf4 O-O 14.Qxe6+ Kh8 
15.Rad1 Nfd5 16.Be5 Qc8 17.Qh6 Bf6 18.Qd2 Qf5 19.f4 Rad8 20.Ne4 Be7 21.Qe2
Kg8 22.Nc5 Qc8 23.Qh5 Rf5 24.Qh3 Rxe5 25.fxe5 Qxh3 26.Bxh3 Ne3 27.Nxb7 Re8
28.Na5 Nxf1 29.Rxf1 c5 30.d5 h6 31.d6 Bg5 32.e6 Nd5 33.d7 Rb8 34.Nc6 Rxb2 
35.e7 1-0

[Event "6th Asia-ch"]
[Site "Cebu City PHI"]
[Date "2007.09.29"]
[Round "11.36"]
[White "Fancy, Stuart"]
[Black "Russell, Majwuana Kankanamge Athula"]
[Result "0-1"]
[WhiteElo "2152"]
[BlackElo "2220"]
[EventDate "2007.09.19"]
[PlyCount "72"]

1.e4 c6 2.d4 d5 3.e5 c5 4.c3 Nc6 5.Nf3 cxd4 6.cxd4 Bg4 7.Bb5 e6 8.O-O Ne7 
9.h3 Bxf3 10.Qxf3 Qb6 11.Nc3 a6 12.Ba4 Qxd4 13.Re1 Rc8 14.Bg5 h6 15.Be3 
Qb4 16.a3 Qh4 17.Bc5 Ng6 18.Bxf8 Kxf8 19.Bxc6 Rxc6 20.Rad1 Kg8 21.Qe3 Kh7 
22.Rd4 Qd8 23.f4 Ne7 24.g4 Qc8 25.Qd3+ g6 26.Rf1 Rg8 27.Kg2 b5 28.Qe3 Rc4 
29.Rxc4 Qxc4 30.Qa7 Nf5 31.gxf5 gxf5+ 32.Kf2 Qxf4+ 33.Ke2 Rg2+ 34.Rf2 
Qxe5+ 35.Qe3 Qxe3+ 36.Kxe3 d4+ 0-1